| 000 | 00385 a2200133 4500 | ||
|---|---|---|---|
| 001 | 91642 | ||
| 082 | _aPR 1608 | ||
| 090 |
_c43798 _d43797 |
||
| 100 | _aAwais Sarwar; Sohail Mahboob Qureshi, Advisor | ||
| 245 |
_aDesign of a GPS based Autonomous Guidance and control System for a UAV _n52 "B" EC |
||
| 260 |
_aRawalpindi _bNUST _c2000 |
||
| 300 | _a49p | ||
| 500 | _aBE Project Reports | ||
| 942 |
_aCAE NUST _kPR 1608 |
||
| 999 |
_c326715 _d326715 |
||